一橋大合格者数10人以上の高校(2025年) - Statistics

General Stats
  • This quiz has been taken 18 times
  • The average score is 11 of 21
Answer Stats
人数 所在地 学校名 % Correct
18 東京 開成
82%
19 千葉 船橋
76%
18 東京 国立
76%
15 埼玉 浦和
76%
14 千葉 千葉
76%
19 東京 日比谷
71%
14 東京 西
71%
10 神奈川 横浜翠嵐
71%
16 神奈川 湘南
59%
14 東京 麻布
59%
13 東京 戸山
59%
12 千葉 市川
59%
11 埼玉 大宮
59%
13 東京 海城
47%
10 埼玉 川越
41%
10 東京 立川
41%
11 東京 東京学芸大学附属
29%
11 神奈川 サレジオ学院
18%
10 東京 三鷹
18%
10 東京 城北
6%
10 東京 頌栄女子学院
0%
No matching quizzes found
Score Distribution
Percent of People with Each Score
Percentile by Number Answered
Your Score History
You have not taken this quiz